000 01150cam a2200277 a 4500
005 20180803165029.0
008 000127s2000 nyua 001 0 eng
020 _a1566901707
040 _aDLC
_cDLC
_dDLC
_dCO-BoIAVH
041 0 _aeng
044 _axxu
082 0 0 _a910.285
_bR27a1
100 1 _aRazavi, Amir H.,
_d1957-
245 1 0 _aArcView GIS/Avenue programmer's reference :
_bclass hierarchy quick reference and 100+ scripts /
_cAmir H. Razavi y Valerie Warwick.
250 _aTercera edición
260 _aAlbany, N.Y. :
_bOnWord Press,
_cc2000.
300 _axxi, 545 páginas :
_bilustraciones ;
_c24 x 19 cm.
500 _aIncluye índice
630 0 0 _aArcView.
650 1 4 _aAvenue (Lenguaje de programación de computadora)
_vGuías, manuales, etc.
650 1 4 _aAvenue (Lenguaje de programación de computadora)
_xadministración
700 1 _aWarwick, Valerie,
_d1958-
856 4 2 _3Publisher description
_uhttp://www.loc.gov/catdir/enhancements/fy1103/00265169-d.html
856 4 1 _3Table of contents only
_uhttp://www.loc.gov/catdir/enhancements/fy1103/00265169-t.html
942 _2ddc
_cLIBRO
999 _c2690
_d2690